[Event "HUN-chT 1415"]
[Site "Hungary"]
[Date "2015.03.01"]
[Round "7.3"]
[White "Papp, Petra"]
[Black "Tegzes, Laszlo"]
[Result "1/2-1/2"]
[WhiteElo "2257"]
[BlackElo "2072"]
[PlyCount "84"]
[EventDate "2014.10.12"]
[EventType "team-tourn"]
[EventRounds "9"]
[EventCountry "HUN"]
[SourceTitle "EXT 2016"]
[Source "ChessBase"]
[SourceDate "2015.10.08"]
[SourceVersion "1"]
[SourceVersionDate "2015.10.08"]
[SourceQuality "1"]
[WhiteTeam "Budapest Titanok"]
[BlackTeam "Husi"]
[WhiteTeamCountry "HUN"]
[BlackTeamCountry "HUN"]

1. e4 c5 2. Nf3 e6 3. d4 cxd4 4. Nxd4 Nf6 5. Nc3 Nc6 6. Ndb5 d6 7. Bf4 e5 8. Bg5 a6 9. Na3 b5 10. Nd5 Be7 11. Bxf6 Bxf6 12. c4 b4 13. Nc2 0-0 14. g3 a5 15. Bg2 Be6 16. 0-0 Bg5 17. b3 Bxd5 18. Qxd5 Qb6 19. Rad1 Rfd8 20. Kh1 Rac8 21. Qd3 Ne7 22. Qe2 g6 23. Rd3 f5 24. Rfd1 Qc5 25. Ne3 f4 26. Nd5 Nxd5 27. Rxd5 Qc7 28. Qg4 Qe7 29. Rxa5 fxg3 30. hxg3 Ra8 31. Rxa8 Rxa8 32. Qe2 Qf8 33. Bh3 Be7 34. Be6+ Kh8 35. Kg2 Qf6 36. Bd5 Rf8 37. Ra1 Bd8 38. Qe3 Ba5 39. Rh1 Bb6 40. Qxb6 Qf3+ 41. Kg1 Qd1+ 42. Kg2 Qf3+ 1/2-1/2

[Event "Lienz op-A 18th"]
[Site "Lienz"]
[Date "2015.02.11"]
[Round "6"]
[White "Tegzes, Laszlo"]
[Black "Haessler, Wolfgang"]
[Result "0-1"]
[WhiteElo "2080"]
[BlackElo "2256"]
[PlyCount "76"]
[EventDate "2015.02.07"]
[EventType "swiss"]
[EventRounds "9"]
[EventCountry "AUT"]
[SourceTitle "CBM 164 Extra"]
[Source "ChessBase"]
[SourceDate "2015.03.02"]
[SourceVersion "1"]
[SourceVersionDate "2015.03.02"]
[SourceQuality "1"]

1. e4 d6 2. d4 Nf6 3. Nc3 e5 4. Nf3 Nbd7 5. Bc4 Be7 6. 0-0 0-0 7. Re1 c6 8. a4 a5 9. h3 Nb6 10. Ba2 Nfd7 11. dxe5 dxe5 12. Be3 Qc7 13. Ng5 Nc5 14. Nxf7 Rxf7 15. Bxf7+ Kxf7 16. Qh5+ Kf8 17. Qxh7 Nbd7 18. Qh8+ Kf7 19. g4 b6 20. f4 Bb7 21. Qh5+ Kg8 22. f5 Nf6 23. Qg6 Ncd7 24. Bh6 Bc5+ 25. Be3 Nf8 26. Qg5 Be7 27. Bf2 Nxe4 28. Qc1 Nxf2 29. Kxf2 Bh4+ 30. Kf1 Bxe1 31. Qxe1 Rd8 32. Ne4 c5 33. Qe3 Rd4 34. Ng5 Rf4+ 35. Ke1 Qe7 36. h4 Rxg4 37. Qb3+ c4 38. Qxb6 Rxh4 0-1

[Event "Lienz op-A 18th"]
[Site "Lienz"]
[Date "2015.02.08"]
[Round "3"]
[White "Tegzes, Laszlo"]
[Black "Bubalovic, Davorin"]
[Result "0-1"]
[WhiteElo "2080"]
[BlackElo "2269"]
[PlyCount "68"]
[EventDate "2015.02.07"]
[EventType "swiss"]
[EventRounds "9"]
[EventCountry "AUT"]
[SourceTitle "CBM 164 Extra"]
[Source "ChessBase"]
[SourceDate "2015.03.02"]
[SourceVersion "1"]
[SourceVersionDate "2015.03.02"]
[SourceQuality "1"]

1. e4 c5 2. c3 Nf6 3. e5 Nd5 4. d4 cxd4 5. Nf3 e6 6. cxd4 d6 7. Nc3 Nc6 8. Bd3 dxe5 9. dxe5 Be7 10. 0-0 Nxc3 11. bxc3 Qa5 12. Qe2 Qxc3 13. Bd2 Qc5 14. Rac1 Qb6 15. Be3 Qa5 16. Rfd1 Bd7 17. Bf4 Rd8 18. Rb1 Nb4 19. Bc4 Bc6 20. Rxd8+ Qxd8 21. Rd1 Nd5 22. Be3 0-0 23. Bxd5 Bxd5 24. Nd4 a6 25. Qg4 Kh8 26. f4 g6 27. Qh3 Qa5 28. g4 Bc5 29. Qh4 Qa3 30. Bf2 Bxd4 31. Bxd4 Qf3 32. Rd2 Rc8 33. Qe1 Qh1+ 34. Kf2 Qg2+ 0-1

[Event "HUN-chT2 Charousek 1314"]
[Site "Hungary"]
[Date "2014.04.13"]
[Round "10"]
[White "Tegzes, Laszlo"]
[Black "Biskopics, Marton"]
[Result "1/2-1/2"]
[WhiteElo "2131"]
[BlackElo "2044"]
[PlyCount "57"]
[EventDate "2013.09.08"]
[EventType "team-tourn"]
[EventRounds "11"]
[EventCountry "HUN"]
[SourceTitle "EXT 2016"]
[Source "ChessBase"]
[SourceDate "2015.10.08"]
[SourceVersion "1"]
[SourceVersionDate "2015.10.08"]
[SourceQuality "1"]
[WhiteTeam "Budapest HUSI"]
[BlackTeam "Nagykanizsa II"]
[WhiteTeamCountry "HUN"]
[BlackTeamCountry "HUN"]

1. e4 c5 2. c3 Nf6 3. e5 Nd5 4. d4 cxd4 5. cxd4 d6 6. Nf3 e6 7. Nc3 Nxc3 8. bxc3 dxe5 9. Nxe5 Qc7 10. Bd2 Bd6 11. Nf3 Bd7 12. Bd3 Bc6 13. h3 Nd7 14. 0-0 Bf4 15. Be3 0-0 16. Qd2 Bxe3 17. Qxe3 Bxf3 18. Qxf3 Nf6 19. Rac1 Rfd8 20. Rfd1 b6 21. c4 Rac8 22. Qe3 h6 23. Be2 Rd6 24. c5 bxc5 25. dxc5 Rxd1+ 26. Bxd1 Nd5 27. Qa3 Rd8 28. Bf3 Nf4 29. Rd1 1/2-1/2

[Event "HUN-chT2 Charousek 1314"]
[Site "Hungary"]
[Date "2013.11.17"]
[Round "5"]
[White "Arvai, Eszter"]
[Black "Tegzes, Laszlo"]
[Result "1/2-1/2"]
[WhiteElo "1887"]
[BlackElo "2131"]
[PlyCount "111"]
[EventDate "2013.09.08"]
[EventType "team-tourn"]
[EventRounds "11"]
[EventCountry "HUN"]
[SourceTitle "EXT 2016"]
[Source "ChessBase"]
[SourceDate "2015.10.08"]
[SourceVersion "1"]
[SourceVersionDate "2015.10.08"]
[SourceQuality "1"]
[WhiteTeam "Tapolca"]
[BlackTeam "Budapest HUSI"]
[WhiteTeamCountry "HUN"]
[BlackTeamCountry "HUN"]

1. e4 c5 2. Nf3 e6 3. d3 Nc6 4. g3 d6 5. Bg2 Nf6 6. 0-0 Be7 7. Re1 0-0 8. Nbd2 Rb8 9. c3 b5 10. d4 d5 11. e5 Nd7 12. Nf1 b4 13. h4 Qb6 14. N1h2 Ba6 15. Bh3 bxc3 16. bxc3 cxd4 17. cxd4 Nb4 18. Rb1 Qd8 19. Bg5 Bxg5 20. hxg5 Bc4 21. a3 Nc6 22. Ng4 Qa5 23. Nfh2 Rxb1 24. Qxb1 Rb8 25. Qd1 Nxd4 26. Re3 Nf5 27. Nf6+ gxf6 28. Bxf5 exf5 29. gxf6 Qd8 30. Qh5 Qf8 31. Qxf5 Nc5 32. Ng4 Ne6 33. Qh5 Rb7 34. f4 d4 35. Re1 d3 36. f5 Nd4 37. Ne3 Ne2+ 38. Kf2 Ba2 39. Rh1 h6 40. Rh4 Kh7 41. Rg4 Rb2 42. Ke1 Rb1+ 43. Kf2 Rb2 44. Ke1 Rb1+ 45. Nd1 Nc3 46. Rg7+ Qxg7 47. fxg7 Rxd1+ 48. Kf2 Kxg7 49. Qg4+ Kf8 50. f6 Be6 51. Qb4+ Kg8 52. Qxc3 d2 53. Qc2 Rh1 54. Qe4 d1Q 55. Qa8+ Kh7 56. Qe4+ 1/2-1/2

[Event "HUN-chT2 Breyer 1213"]
[Site "Hungary"]
[Date "2013.01.27"]
[Round "7.9"]
[White "Tegzes, Laszlo"]
[Black "Nyeki, Bence"]
[Result "0-1"]
[WhiteElo "2127"]
[BlackElo "1800"]
[PlyCount "84"]
[EventDate "2012.09.16"]
[EventType "team-tourn"]
[EventRounds "11"]
[EventCountry "HUN"]
[SourceTitle "EXT 2014"]
[Source "ChessBase"]
[SourceDate "2013.11.20"]
[SourceVersion "1"]
[SourceVersionDate "2013.11.20"]
[SourceQuality "1"]
[WhiteTeam "Husi"]
[BlackTeam "Gyor Komszomol"]
[WhiteTeamCountry "HUN"]
[BlackTeamCountry "HUN"]

1. e4 c6 2. d4 d5 3. Nc3 dxe4 4. Nxe4 Nd7 5. Nf3 Ngf6 6. Nxf6+ Nxf6 7. Bd3 Bg4 8. c3 e6 9. 0-0 Bd6 10. Re1 Qc7 11. g3 0-0-0 12. Be2 Rhe8 13. Qa4 Kb8 14. Ne5 Bxe2 15. Rxe2 Nd5 16. c4 Nb6 17. Qc2 Bxe5 18. dxe5 g6 19. b3 Nc8 20. Bg5 Ne7 21. Rd1 Rxd1+ 22. Qxd1 Rd8 23. Rd2 Kc8 24. Rd6 Rd7 25. Bxe7 Rxe7 26. c5 b6 27. b4 Rd7 28. Qf3 Rxd6 29. cxd6 Qb7 30. Qf6 c5 31. b5 Qd7 32. Qh8+ Kb7 33. Qxh7 c4 34. a4 a6 35. bxa6+ Kxa6 36. Qg8 Kb7 37. Qh7 c3 38. Qh6 Qxa4 39. Qc1 Qd4 40. Qc2 Qxe5 41. Qd3 Qe1+ 42. Kg2 Qd2 0-1

[Event "HUN-chT2 Breyer 1112"]
[Site "Hungary"]
[Date "2012.04.22"]
[Round "9.4"]
[White "Ikanov, Imre"]
[Black "Tegzes, Laszlo"]
[Result "0-1"]
[WhiteElo "2077"]
[BlackElo "2073"]
[PlyCount "66"]
[EventDate "2011.09.25"]
[EventType "team-tourn"]
[EventRounds "11"]
[EventCountry "HUN"]
[SourceTitle "EXT 2013"]
[Source "ChessBase"]
[SourceDate "2012.11.22"]
[SourceVersion "1"]
[SourceVersionDate "2012.11.22"]
[SourceQuality "1"]
[WhiteTeam "Zoltek"]
[BlackTeam "Husi"]
[WhiteTeamCountry "HUN"]
[BlackTeamCountry "HUN"]

1. e4 c5 2. Nc3 Nc6 3. f4 g6 4. Nf3 Bg7 5. Bc4 e6 6. d3 Nge7 7. 0-0 d5 8. exd5 exd5 9. Bb3 0-0 10. Ne2 Bg4 11. c3 d4 12. h3 dxc3 13. bxc3 Bf5 14. d4 cxd4 15. cxd4 Qb6 16. Be3 Rad8 17. Qd2 Qa6 18. Rad1 Nd5 19. Bf2 Na5 20. Bxd5 Rxd5 21. g4 Be6 22. Nc3 Rdd8 23. Ne5 Nc6 24. Qe3 Nxe5 25. dxe5 b6 26. a4 Qc4 27. Bh4 Rxd1 28. Rxd1 Rc8 29. Rd4 Qxc3 30. Rd8+ Bf8 31. Qxc3 Rxc3 32. Ra8 Rc8 33. Rxa7 b5 0-1

[Event "HUN-chT2 Breyer 1112"]
[Site "Hungary"]
[Date "2012.03.25"]
[Round "8.6"]
[White "Tegzes, Laszlo"]
[Black "Molnar, Aurel"]
[Result "1/2-1/2"]
[WhiteElo "2073"]
[BlackElo "2210"]
[PlyCount "26"]
[EventDate "2011.09.25"]
[EventType "team-tourn"]
[EventRounds "11"]
[EventCountry "HUN"]
[SourceTitle "EXT 2013"]
[Source "ChessBase"]
[SourceDate "2012.11.22"]
[SourceVersion "1"]
[SourceVersionDate "2012.11.22"]
[SourceQuality "1"]
[WhiteTeam "Husi"]
[BlackTeam "Torokbalint"]
[WhiteTeamCountry "HUN"]
[BlackTeamCountry "HUN"]

1. e4 c5 2. c3 Nf6 3. e5 Nd5 4. d4 cxd4 5. Nf3 e6 6. cxd4 b6 7. Nc3 Nxc3 8. bxc3 Qc7 9. Bd2 Bb7 10. Bd3 d6 11. 0-0 Nd7 12. Re1 Be7 13. Rc1 dxe5 1/2-1/2

[Event "Budapest-chT1 Lilienthal 1112"]
[Site "Budapest"]
[Date "2012.02.05"]
[Round "7"]
[White "Lengyel, Bela"]
[Black "Tegzes, Laszlo"]
[Result "1-0"]
[WhiteElo "2288"]
[BlackElo "2073"]
[PlyCount "137"]
[EventDate "2011.10.02"]
[EventType "team-tourn"]
[EventRounds "11"]
[EventCountry "HUN"]
[SourceTitle "EXT 2020"]
[Source "ChessBase"]
[SourceDate "2019.10.17"]
[SourceVersion "1"]
[SourceVersionDate "2019.10.17"]
[SourceQuality "1"]
[WhiteTeam "Budapest Ujpest KSE"]
[BlackTeam "Budapest HUSI II"]
[WhiteTeamCountry "HUN"]
[BlackTeamCountry "HUN"]

1. e4 c5 2. Nf3 e6 3. d4 cxd4 4. Nxd4 Nf6 5. Nc3 Nc6 6. Ndb5 d6 7. Bf4 e5 8. Bg5 a6 9. Na3 b5 10. Nd5 Be7 11. Bxf6 Bxf6 12. c3 0-0 13. Nc2 Bg5 14. a4 bxa4 15. Rxa4 a5 16. Bc4 Rb8 17. b3 Kh8 18. 0-0 f5 19. Qd3 fxe4 20. Qxe4 Bf5 21. Qe2 Bg6 22. f3 Ne7 23. Nce3 Nxd5 24. Nxd5 Bf7 25. Rd1 Rc8 26. Ra2 Bxd5 27. Rxd5 Qb6+ 28. Kh1 Rc5 29. Qd3 Rxd5 30. Bxd5 Qc5 31. g3 Bd8 32. Be4 Bb6 33. Ra1 g6 34. Rd1 Rd8 35. Qd2 Qe3 36. Qxe3 Bxe3 37. Kg2 Bc5 38. Kf1 Rb8 39. Bd5 Kg7 40. Ke2 Kf6 41. Kd3 Ke7 42. Rd2 g5 43. Ra2 Bb6 44. h4 gxh4 45. gxh4 Kf6 46. Rg2 Rc8 47. Be4 Rc7 48. Rg8 Bf2 49. h5 Be1 50. c4 Rg7 51. Rf8+ Kg5 52. Rf5+ Kh4 53. h6 Ra7 54. Bc6 Bg3 55. Ke4 Be1 56. Kd5 Bb4 57. Rf6 Kg5 58. Rxd6 Bxd6 59. Kxd6 Kxh6 60. c5 Kg7 61. Bd7 Kf6 62. c6 Kg5 63. Kxe5 h5 64. f4+ Kh4 65. Kd6 a4 66. bxa4 Rxa4 67. c7 Ra8 68. c8Q Rxc8 69. Bxc8 1-0

[Event "Budapest-chT1 Lilienthal 1112"]
[Site "Budapest"]
[Date "2012.01.15"]
[Round "6"]
[White "Tegzes, Laszlo"]
[Black "Kerek, Krisztian"]
[Result "1/2-1/2"]
[WhiteElo "2073"]
[BlackElo "2300"]
[PlyCount "41"]
[EventDate "2011.10.02"]
[EventType "team-tourn"]
[EventRounds "11"]
[EventCountry "HUN"]
[SourceTitle "EXT 2020"]
[Source "ChessBase"]
[SourceDate "2019.10.17"]
[SourceVersion "1"]
[SourceVersionDate "2019.10.17"]
[SourceQuality "1"]
[WhiteTeam "Budapest HUSI II"]
[BlackTeam "Barcza GSC"]
[WhiteTeamCountry "HUN"]
[BlackTeamCountry "HUN"]

1. e4 c5 2. c3 e6 3. d4 d5 4. exd5 exd5 5. Nf3 Nc6 6. Bb5 Bd6 7. 0-0 Nge7 8. dxc5 Bxc5 9. Bf4 0-0 10. Bd3 Ng6 11. Bxg6 fxg6 12. Bg5 Qd6 13. Nbd2 Bg4 14. Qb3 Rae8 15. Bh4 Ne5 16. Bg3 Bxf3 17. Nxf3 Nxf3+ 18. gxf3 Qd7 19. Rad1 Rf5 20. Rd3 b5 21. Rfd1 1/2-1/2

[Event "High Wycombe e2e4 op 10"]
[Site "High Wycombe"]
[Date "2011.10.08"]
[Round "2"]
[White "Arkell, Keith C"]
[Black "Tegzes, Laszlo"]
[Result "1-0"]
[WhiteElo "2409"]
[BlackElo "2073"]
[PlyCount "105"]
[EventDate "2011.10.07"]
[EventType "swiss"]
[EventRounds "5"]
[EventCountry "ENG"]
[SourceTitle "CBM 144 Extra"]
[Source "ChessBase"]
[SourceDate "2011.10.28"]
[SourceVersion "1"]
[SourceVersionDate "2011.10.28"]
[SourceQuality "1"]

1. d4 Nf6 2. Nf3 g6 3. b4 Bg7 4. Bb2 0-0 5. Nbd2 d6 6. e4 Nbd7 7. Bd3 e5 8. 0-0 exd4 9. Bxd4 c5 10. bxc5 Nxc5 11. Re1 Nxd3 12. cxd3 b6 13. a4 Bb7 14. Qb3 d5 15. e5 Nd7 16. a5 Re8 17. Qb2 Qe7 18. Nb3 Qb4 19. Bc3 Qg4 20. h3 Qf4 21. axb6 axb6 22. Rxa8 Rxa8 23. e6 Bxc3 24. Qxc3 fxe6 25. Rxe6 Rc8 26. Qe1 d4 27. Re8+ Rxe8 28. Qxe8+ Nf8 29. Nfxd4 Bd5 30. Qe3 Qf7 31. Nd2 Qb7 32. Ne4 Bxe4 33. dxe4 b5 34. e5 b4 35. e6 Qe7 36. f4 h6 37. Kh1 Nxe6 38. Qb3 Kf7 39. Nxe6 Qxe6 40. Qxb4 Qd5 41. Qe1 Kf6 42. Qh4+ Kg7 43. Qe7+ Kg8 44. Kh2 h5 45. Kg3 Qd3+ 46. Kh4 Qf1 47. Kg5 h4 48. Qe8+ Kg7 49. Qxg6+ Kf8 50. Qd6+ Kf7 51. Qd5+ Ke7 52. Qe4+ Kf7 53. Kxh4 1-0

[Event "Budapest-chT1 Lilienthal 1011"]
[Site "Budapest"]
[Date "2011.02.27"]
[Round "9"]
[White "Tegzes, Laszlo"]
[Black "Emodi, Gyula"]
[Result "1/2-1/2"]
[WhiteElo "2124"]
[BlackElo "2246"]
[PlyCount "42"]
[EventDate "2010.09.19"]
[EventType "team-tourn"]
[EventRounds "11"]
[EventCountry "HUN"]
[SourceTitle "EXT 2020"]
[Source "ChessBase"]
[SourceDate "2019.10.17"]
[SourceVersion "1"]
[SourceVersionDate "2019.10.17"]
[SourceQuality "1"]
[WhiteTeam "Budapest HUSI II"]
[BlackTeam "Penzugyor III"]
[WhiteTeamCountry "HUN"]
[BlackTeamCountry "HUN"]

1. e4 d5 2. exd5 Nf6 3. d4 g6 4. Nf3 Nxd5 5. Bc4 Bg7 6. 0-0 0-0 7. c3 h6 8. Qe2 c6 9. Ne5 Nd7 10. f4 e6 11. Nd2 Nxe5 12. fxe5 c5 13. Ne4 cxd4 14. cxd4 b5 15. Bxd5 Qxd5 16. Nf6+ Bxf6 17. exf6 Kh7 18. Qe3 g5 19. Qd3+ Kh8 20. Qh3 Kh7 21. Qd3+ Kh8 1/2-1/2

[Event "Lienz op 16th"]
[Site "Lienz"]
[Date "2011.02.13"]
[Round "2"]
[White "Tegzes, Laszlo"]
[Black "Sebenik, Matej"]
[Result "0-1"]
[WhiteElo "2100"]
[BlackElo "2526"]
[PlyCount "84"]
[EventDate "2011.02.12"]
[EventType "swiss"]
[EventRounds "9"]
[EventCountry "AUT"]
[SourceTitle "CBM 140 Extra"]
[Source "ChessBase"]
[SourceDate "2011.03.01"]
[SourceVersion "1"]
[SourceVersionDate "2011.03.01"]
[SourceQuality "1"]

1. e4 c5 2. c3 Nf6 3. e5 Nd5 4. d4 cxd4 5. Nf3 Nc6 6. cxd4 d6 7. Nc3 dxe5 8. dxe5 Nxc3 9. Qxd8+ Nxd8 10. bxc3 Bd7 11. Be3 e6 12. Nd4 Rc8 13. Rc1 a6 14. Bd3 Ba3 15. Rc2 Ba4 16. Nb3 Nc6 17. Bf4 h6 18. 0-0 0-0 19. Re1 Rfd8 20. Be4 Rd7 21. h4 Na7 22. g4 Nb5 23. Re3 Be7 24. g5 hxg5 25. hxg5 g6 26. Kg2 Rdc7 27. Rh3 b6 28. Bd3 Rxc3 29. Rxc3 Nxc3 30. Bxa6 Rc7 31. Nd2 Nxa2 32. Ne4 Bc6 33. f3 Bxe4 34. fxe4 Rc2+ 35. Kf1 Bc5 36. Rf3 Nb4 37. Bb5 Rb2 38. Be8 Kf8 39. Bd7 Ke7 40. Ba4 Ra2 41. Bb5 Nc2 42. Bc4 Ra1+ 0-1

[Event "HUN-chT2 Charousek 1011"]
[Site "Hungary"]
[Date "2010.10.10"]
[Round "3"]
[White "Tegzes, Laszlo"]
[Black "Jamrich, Gyorgy"]
[Result "1-0"]
[WhiteElo "2124"]
[BlackElo "2301"]
[PlyCount "73"]
[EventDate "2010.09.12"]
[EventType "team-tourn"]
[EventRounds "11"]
[EventCountry "HUN"]
[SourceTitle "EXT 2012"]
[Source "ChessBase"]
[SourceDate "2011.11.24"]
[SourceVersion "1"]
[SourceVersionDate "2011.11.24"]
[SourceQuality "1"]
[WhiteTeam "Husi"]
[BlackTeam "Tatai Honved"]
[WhiteTeamCountry "HUN"]
[BlackTeamCountry "HUN"]

1. e4 e5 2. Nf3 Nc6 3. Bb5 a6 4. Ba4 Nf6 5. d4 exd4 6. 0-0 Be7 7. Re1 0-0 8. e5 Nd5 9. Nxd4 Nxd4 10. Qxd4 Nb6 11. Bb3 d5 12. exd6 Bxd6 13. Bf4 Bxf4 14. Qxf4 Nd5 15. Qf3 c6 16. Nc3 Nxc3 17. Qxc3 Bg4 18. h3 Bh5 19. Qc5 Bg6 20. Rad1 Qc8 21. Re7 Rb8 22. Qe5 Qf5 23. Bxf7+ Kh8 24. Bxg6 Qxg6 25. Rdd7 Rbe8 26. Qxg7+ Qxg7 27. Rxg7 Re1+ 28. Kh2 Rxf2 29. Rxh7+ Kg8 30. Rdg7+ Kf8 31. Rxb7 Kg8 32. Rhc7 Re6 33. Ra7 Rg6 34. Rc8+ Rf8 35. Rxf8+ Kxf8 36. Rxa6 Ke7 37. b4 1-0

[Event "HUN-chT2 Erkel 0910"]
[Site "Hungary"]
[Date "2010.03.21"]
[Round "8.8"]
[White "Tegzes, Laszlo"]
[Black "Toth, Andras1111"]
[Result "1-0"]
[WhiteElo "2160"]
[BlackElo "2093"]
[PlyCount "93"]
[EventDate "2009.11.08"]
[EventType "team-tourn"]
[EventRounds "11"]
[EventCountry "HUN"]
[SourceTitle "EXT 2011"]
[Source "ChessBase"]
[SourceDate "2010.11.26"]
[SourceVersion "1"]
[SourceVersionDate "2010.11.26"]
[SourceQuality "1"]
[WhiteTeam "Husi"]
[BlackTeam "Budapest MTK"]
[WhiteTeamCountry "HUN"]
[BlackTeamCountry "HUN"]

1. e4 c5 2. c3 d5 3. exd5 Qxd5 4. d4 Nf6 5. Nf3 e6 6. Na3 Qd8 7. Nc2 Nc6 8. Bd3 Be7 9. 0-0 0-0 10. Qe2 Qc7 11. Bg5 cxd4 12. Ncxd4 Nxd4 13. cxd4 Bd7 14. Ne5 Nd5 15. Qe4 f5 16. Qh4 Bxg5 17. Qxg5 Qd8 18. Qd2 Rc8 19. Rac1 Qe7 20. Bc4 Bc6 21. Rfe1 Qd6 22. a3 Rfd8 23. Rcd1 Rc7 24. g3 Re7 25. Qe2 Nc7 26. Nxc6 bxc6 27. Qf3 Nd5 28. Re5 Nf6 29. Qxf5 Nd5 30. Bxd5 cxd5 31. Qd3 Rc8 32. Rde1 Qc6 33. Qe3 Qb6 34. Rxe6 Rxe6 35. Qxe6+ Qxe6 36. Rxe6 Rc4 37. Ra6 Rxd4 38. Kf1 Rd2 39. b4 Kf7 40. Ke1 Ra2 41. Rxa7+ Kf6 42. b5 Ke5 43. b6 Kd4 44. Ra4+ Kd3 45. Kf1 Ra1+ 46. Kg2 Re1 47. b7 1-0

[Event "HUN-chT2 Erkel 0910"]
[Site "Hungary"]
[Date "2010.02.14"]
[Round "6.8"]
[White "Tegzes, Laszlo"]
[Black "Frank, Jozsef"]
[Result "1-0"]
[WhiteElo "2160"]
[BlackElo "2016"]
[PlyCount "109"]
[EventDate "2009.11.08"]
[EventType "team-tourn"]
[EventRounds "11"]
[EventCountry "HUN"]
[SourceTitle "EXT 2011"]
[Source "ChessBase"]
[SourceDate "2010.11.26"]
[SourceVersion "1"]
[SourceVersionDate "2010.11.26"]
[SourceQuality "1"]
[WhiteTeam "Husi"]
[BlackTeam "Dunaharaszti"]
[WhiteTeamCountry "HUN"]
[BlackTeamCountry "HUN"]

1. e4 e6 2. d4 d5 3. Nd2 dxe4 4. Nxe4 Nf6 5. Nxf6+ Qxf6 6. Nf3 h6 7. Bd3 Bd6 8. Qe2 Bd7 9. c3 Bc6 10. Be4 Bxe4 11. Qxe4 c6 12. 0-0 0-0 13. Ne5 Bxe5 14. dxe5 Qf5 15. Qxf5 exf5 16. Rd1 Na6 17. Be3 Nc7 18. Rd7 Rfc8 19. Rad1 b6 20. f4 Kf8 21. Kf2 Ke8 22. c4 Rd8 23. Rxd8+ Rxd8 24. Rxd8+ Kxd8 25. Kf3 Kd7 26. b4 Na6 27. Bd2 c5 28. b5 Nc7 29. Bc3 Ke6 30. Ke3 a6 31. a4 axb5 32. axb5 Ne8 33. Be1 Nc7 34. Bh4 Kd7 35. Be1 Ne8 36. Bc3 Nc7 37. h3 Ke6 38. g3 Ne8 39. Kf3 g6 40. Ke3 Nc7 41. g4 Ne8 42. gxf5+ Kxf5 43. Ba5 f6 44. Bxb6 fxe5 45. fxe5 Kxe5 46. Bxc5 Ke6 47. Bf8 h5 48. Kf4 Nc7 49. Kg5 Kf7 50. Bd6 Ne6+ 51. Kh6 Nd4 52. Bc7 Nf5+ 53. Kh7 g5 54. b6 Ne7 55. Bd8 1-0

[Event "Eger Osz op"]
[Site "Eger"]
[Date "2009.10.24"]
[Round "5"]
[White "Tegzes, Laszlo"]
[Black "Engel, Tibor"]
[Result "1-0"]
[WhiteElo "2160"]
[BlackElo "1823"]
[PlyCount "45"]
[EventDate "2009.10.22"]
[EventType "swiss"]
[EventRounds "7"]
[EventCountry "HUN"]
[SourceTitle "EXT 2011"]
[Source "ChessBase"]
[SourceDate "2010.11.26"]
[SourceVersion "1"]
[SourceVersionDate "2010.11.26"]
[SourceQuality "1"]

1. e4 e5 2. Nf3 Nc6 3. Bb5 a6 4. Ba4 b5 5. Bb3 Na5 6. 0-0 Nxb3 7. axb3 d6 8. d4 exd4 9. Qxd4 Bb7 10. Bg5 f6 11. Bf4 Ne7 12. Nc3 Nc6 13. Qe3 Nb4 14. Qe2 Be7 15. Nd4 Qd7 16. Nf5 g6 17. Nxe7 Qxe7 18. Nxb5 0-0 19. Qc4+ d5 20. Qxc7 Qxe4 21. Nc3 Qxc2 22. Qxb7 Nd3 23. Bh6 1-0